Sports Quiz

Random Sports or Soccer Quiz

Avoid the Premier League 'T' Teams Quiz Stats

 Plays Quiz Updated May 23, 2018

Challenge
Share
Tweet
Embed
Score 0/23 Timer 01:00
5 Plays Today
% Correct
E???
97.9%
L???
97.7%
R???
96.8%
A???
96.3%
S???
96.1%
N???
94.3%
C???
82.1%
H???
81.9%
U???
76.3%
O???
75.8%
P???
73.5%
I???
70.6%
% Correct
V???
69.2%
MINES???
67.1%
B???
66.4%
K???
52.7%
G???
48.6%
M???
47.7%
D???
47.7%
Y???
44.7%
Q???
41.6%
F???
41.5%
W???
19.7%

You're not logged in!

Compare scores with friends on all Sporcle quizzes.
Join for Free
OR
Log In

You Might Also Like...

Show Comments

Extras

Top Quizzes Today


Score Distribution

Your Account Isn't Verified!

In order to create a playlist on Sporcle, you need to verify the email address you used during registration. Go to your Sporcle Settings to finish the process.

Report this User

Report this user for behavior that violates our Community Guidelines.

Details: